| 000 | 00708nam a22002417a 4500 | ||
|---|---|---|---|
| 001 | 0002145 | ||
| 003 | DO-SdBNP | ||
| 005 | 20180307131047.0 | ||
| 007 | 0002145 | ||
| 008 | 160523b 1978 cl |||| 00| 0 spa d | ||
| 040 |
_aBPMSU _bspa _cBPMSU |
||
| 100 | _aVallejo Bolaños, Luis. | ||
| 245 |
_aSomos una gran familia 2 / _c Luis Vallejo Bolaño ; Gloria Cuellar de López. |
||
| 250 | _a3a. ed. | ||
| 260 |
_aBogotá : _bCentro Nacional de Catequesis, _c1978 |
||
| 300 |
_aVarias páginaciones _bil. : _c23 cm. |
||
| 490 | _aSemilla | ||
| 700 | _aCuellar de López, Gloria | ||
| 830 | _aSemilla | ||
| 942 |
_2ddc _cBK |
||
| 945 | _ainventariado, 2018 / dg | ||
| 956 |
_aBPMSU _b10 _c20160523 _dBPMSU _f0069 |
||
| 999 |
_c10199 _d10199 |
||